| 000 | 00562nam a22002057a 4500 | ||
|---|---|---|---|
| 008 | 150420b xxu||||| |||| 00| 0 eng d | ||
| 020 | _a9780071782401 | ||
| 041 | 0 | _aeng | |
| 080 | _a658.5 | ||
| 100 | 1 | _aAdams, James L. | |
| 245 | 1 | 0 |
_aGood products, bad products : _cJames L. Adams. |
| 260 |
_aNew York : _bMcGraw-Hill, _c2012. |
||
| 300 |
_a255 f.: _c24 cm. |
||
| 505 | _aindex: f.247-255 | ||
| 650 | 0 | _aCilësia | |
| 650 | 0 | _aProdukti | |
| 650 | 0 | _aIndustria | |
| 650 | 0 | _aProdhimi | |
| 942 |
_2udc _cBK |
||
| 999 |
_c710 _d710 |
||